Statistics for Pokémon Moves by Power

Click here to take the quiz!

General Stats

  • This quiz has been taken 16 times
  • The average score is 15 of 30

Answer Stats

Power# of MovesAnswer% Correct
4038Pound, Pay Day, Scratch, etc.
92%
2501Explosion
83%
6049Wing Attack, Bite, Rolling Kick, etc.
83%
9043Fly, Take Down, Flamethrower, etc.
75%
12041Mega Kick, Thrash, Double Edge, etc.
75%
2001Self-Destruct
75%
11010Hydro Pump, Blizzard, Thunder, etc.
67%
15016Hyper Beam, Focus Punch, Eruption, etc.
67%
8072Mega Punch, Razor Wind, Slam, etc.
67%
158Double Slap, Bind, Fury Attack, etc.
58%
10052Jump Kick, Earthquake, Egg Bomb, etc.
58%
5029Karate Chop, Cut, Rock Throw, etc.
58%
309Double Kick, Lick, Smog, etc.
50%
7031Headbutt, Dizzy Punch, Slash, etc.
50%
14010Sky Attack, Doom Desire, Psycho Boost, etc.
50%
6526Stomp, Horn Attack, Psybeam, etc.
50%
2010Absorb, Rage, Spike Cannon, etc.
42%
182Comet Punch, Fury Swipes
42%
102Constrict, Triple Kick
42%
259Twinneedle, Pin Missile, Bone Rush, etc.
42%
8515Body Slam, Blaze Kick, Sky Uppercut, etc.
33%
13011Skull Bash, High Jump Kick, Overheat, etc.
33%
1801V-Create
33%
7521Fire Punch, Ice Punch, Thunder Punch, etc.
25%
958Heat Wave, Sludge Wave, Foul Play, etc.
25%
1603Prismatic Laser, Eternabeam, Gigaton Hammer
25%
557Vise Grip, Razor Leaf, Icy Wind, etc.
25%
451Vine Whip
17%
357Peck, Fire Spin, Clamp, etc.
8%
1251Solar Blade
8%

Score Distribution

Percentile by Number Answered

Percent of People with Each Score

Your Score History

You have not taken this quiz